| 000 | 00581nam a2200181Ia 4500 | ||
|---|---|---|---|
| 008 | 100122s9999 xx 000 0 und d | ||
| 082 |
_b61272 _a928.08 |
||
| 100 | _aDUTTA KRISHNA | ||
| 245 | _aWHO`S WHO ON INDIAN WRITERS - 1999 VOL-1(A-M) (क.क्र. 31/1) | ||
| 250 | _a0 | ||
| 260 |
_bSAHITYA AKADEMI _c1999 |
||
| 300 | _a822 | ||
| 520 | _aINDIAN WRITERS | ||
| 620 | _aINDIAN WRITERS | ||
| 630 | _aWHO`S WHO ON INDIAN WRITERS - 1999 VOL-1(A-M) (क.क्र. 31/1) | ||
| 730 | _aWHO`S WHO ON INDIAN WRITERS - 1999 VOL-1(A-M) (क.क्र. 31/1) | ||
| 942 | _cBOOK | ||
| 999 |
_c378254 _d378251 |
||